000
00295nam a22001337a 4500
008
170524b xxu||||| |||| 00| 0 eng d
020
_a
9780521004718
041
_a
eng
080
_2
2ND
_a
62
100
_a
26
101
_a
IM
245
_a
GENETIC ENGINEERING
_c
NICHOLL, D.T
942
_2
udc
_c
BK
999
_c
14019
_d
14019